000 00575nam a2200193Ia 4500
999 _c9143
_d9143
020 _a9789004297814
082 _a331.5 POL
245 0 _aPolitics of precarity
_b: migrant conditions, struggles and experiences
260 _aLeiden
_bBrill
_c2017
300 _axiii, 329p
440 _aStudies in critical social sciences
650 _aMigrant labour
_vSocial exclusion
650 _aEmployment crisis
_zSpain
650 _aEmployment crisis
_zSwedon
700 _aSchierup, Carl-Ulrik
700 _aJorgensen, Martin Bak
700 _aFasenfest, David
942 _cBK
_2ddc